000 00792nam a2200265 a 4500
001 BRCA_4616
005 20190320204734.0
008 270910s1922----gw-a######---#000-0#ger-#
041 _ager
044 _agw
050 4 _aNA1301
_b.M39 1922
100 1 _aMayer, August L.
_911684
245 1 0 _aAlt Spanien
_cHerausgegeben von Dr. August L. Mayer.
250 _a2
260 _aMunich, Alemania
_bDelphin-Verlag
_cc1922
300 _aviii, xxiv, 200 p.
_bil., 361 láminas
_c29 cm.
440 0 _aArchitektur und kunstgewerbe des Auslandes
_v3
_911685
500 _aD32
504 _aBibliografía: p. [xx]-xxiv
650 1 4 _aArquitectura
_zEspaña
_92007
650 1 4 _aArtes aplicadas
_zEspaña
_911686
650 1 4 _aArtes decorativas
_zEspaña
_911687
902 _aGFM
942 _2lcc
_cB
999 _c4321
_d4321